<?xml version="1.0" encoding="UTF-8"?>
<record
    xmlns:xsi="http://www.w3.org/2001/XMLSchema-instance"
    xsi:schemaLocation="http://www.loc.gov/MARC21/slim http://www.loc.gov/standards/marcxml/schema/MARC21slim.xsd"
    xmlns="http://www.loc.gov/MARC21/slim">

  <leader>02194nab a2200253uuc4500</leader>
  <controlfield tag="001">1317276</controlfield>
  <controlfield tag="005">20240821090351.0</controlfield>
  <controlfield tag="008">130226m01uu2013                    eng  </controlfield>
  <datafield tag="035" ind1=" " ind2=" ">
    <subfield code="a">1317276</subfield>
  </datafield>
  <datafield tag="040" ind1=" " ind2=" ">
    <subfield code="c">comduadb</subfield>
  </datafield>
  <datafield tag="041" ind1=" " ind2=" ">
    <subfield code="a">eng</subfield>
  </datafield>
  <datafield tag="100" ind1="1" ind2="0">
    <subfield code="a">Sclowitz, I&#xE2;ndora Krolow Timm</subfield>
    <subfield code="4">aut</subfield>
    <subfield code="e">aut</subfield>
    <subfield code="9">648024</subfield>
  </datafield>
  <datafield tag="245" ind1="1" ind2="0">
    <subfield code="a">Maternal smoking in successive pregnancies and recurrence of low birthweight: the 2004 Pelotas birth cohort study, Brazil</subfield>
  </datafield>
  <datafield tag="520" ind1="3" ind2=" ">
    <subfield code="a">Este estudio fue realizado en una submuestra de madres de la cohorte de nacimientos de Pelotas, R&#xED;o Grande do Sul, Brasil, de 2004 para evaluar la frecuencia y asociaci&#xF3;n del tabaquismo en sucesivas gestaciones con el fen&#xF3;meno de repetici&#xF3;n del bajo peso al nacer. Se incluyeron solamente mujeres con antecedentes en el historial m&#xE9;dico de reci&#xE9;n nacidos con bajo peso al nacer. Se eleg&#xED;an a mujeres con = 2 partos anteriores, solamente, si por lo menos uno de los dos partos inmediatamente anteriores al de 2004 hubiera sido de bajo peso al nacer. De los 4.458 nacimientos, 565 fueron incluidos en la muestra. La frecuencia de tabaquismo fue de un 32,4% y, teniendo en consideraci&#xF3;n las gestaciones anteriores, un 67,1% nunca fumaron; un 21,4% siempre fumaron; un 6,5% eran ex-fumadoras; y un 5,0% fumaron solamente en la gestaci&#xF3;n actual. En el an&#xE1;lisis multivariable, las madres que fumaron en todas las gestaciones tuvieron una probabilidad 2,5 veces mayor de recurrencia de bajo peso al nacer en 2004, en comparaci&#xF3;n con las que nunca fumaron (RP = 2,5; IC95%: 1,32-4,80). La persistencia del tabaquismo es un factor importante para la recurrencia del bajo peso al nacer en sucesivas gestaciones.</subfield>
  </datafield>
  <datafield tag="650" ind1=" " ind2=" ">
    <subfield code="a">Conducta materna</subfield>
    <subfield code="9">69419</subfield>
  </datafield>
  <datafield tag="650" ind1=" " ind2=" ">
    <subfield code="a">Ni&#xF1;os de bajo peso al nacer</subfield>
    <subfield code="9">18148</subfield>
  </datafield>
  <datafield tag="650" ind1=" " ind2="7">
    <subfield code="a">H&#xE1;bito de fumar</subfield>
    <subfield code="2">lemb</subfield>
    <subfield code="9">19723</subfield>
  </datafield>
  <datafield tag="700" ind1="1" ind2="0">
    <subfield code="a">Santos, In&#xE1; da Silva dos</subfield>
    <subfield code="4">aut</subfield>
    <subfield code="e">aut</subfield>
    <subfield code="9">698788</subfield>
  </datafield>
  <datafield tag="700" ind1="1" ind2="0">
    <subfield code="a">Domingues, Marlos Rodrigues</subfield>
    <subfield code="4">aut</subfield>
    <subfield code="e">aut</subfield>
    <subfield code="9">666917</subfield>
  </datafield>
  <datafield tag="700" ind1="1" ind2="0">
    <subfield code="a">Matijasevich, Alicia</subfield>
    <subfield code="4">aut</subfield>
    <subfield code="e">aut</subfield>
    <subfield code="9">666918</subfield>
  </datafield>
  <datafield tag="700" ind1="1" ind2="0">
    <subfield code="a">Barros, Aluisio Jardim Dornellas de</subfield>
    <subfield code="4">aut</subfield>
    <subfield code="e">aut</subfield>
    <subfield code="9">512509</subfield>
  </datafield>
  <datafield tag="773" ind1="0" ind2=" ">
    <subfield code="t">Cadernos de Sa&#xFA;de P&#xFA;blica (Rio de Janeiro)</subfield>
    <subfield code="g">Vol. 29, No. 01, Ene. 2013, p. 123-130</subfield>
    <subfield code="w">321065</subfield>
    <subfield code="z">0102311X</subfield>
    <subfield code="0">104727</subfield>
  </datafield>
  <datafield tag="942" ind1=" " ind2=" ">
    <subfield code="c">ARIMP</subfield>
  </datafield>
  <datafield tag="999" ind1=" " ind2=" ">
    <subfield code="c">644903</subfield>
    <subfield code="d">644903</subfield>
  </datafield>
</record>
